000
00293nam a2200121 a 4500
008
101025s1971|||| d
100
1
_a
Lenčo, Ján
245
1
0
_a
Pomsta zo záhrobia
260
_b
Slovenský spisovateľ
_a
Bratislava
_c
1971
020
_c
13
044
_a
xo
_c
SK
041
_a
slo
999
_c
12136
_d
12136